Chaque Champion de la Coupe du Monde - Statistiques

Statistiques générales
  • Ce quiz a été pris 125 fois
  • Le résultat moyen est 17 sur 21
Statistiques - réponses
Hint Réponse % Correct
2014 Allemagne
99%
1998 France
99%
2018 France
99%
1958 Bresil
98%
1962 Bresil
98%
1970 Bresil
98%
1994 Bresil
98%
2002 Bresil
98%
2010 Espagne
98%
1934 Italie
97%
1938 Italie
97%
1982 Italie
97%
2006 Italie
97%
1978 Argentine
96%
1986 Argentine
96%
1966 Angleterre
95%
1930 Uruguay
94%
1950 Uruguay
94%
1954 Allemagne d'Ouest
1%
1974 Allemagne d'Ouest
1%
1990 Allemagne d'Ouest
1%
Aucun quiz correspondant
Distribution des résultats
% des personnes avec chaque résultat
Percentile par nombre de réponses
Votre historique - résultats
Vous n’avez pas pris ce quiz